Sei paesi più vicini: Singapore - Statistics

Statistiche generali
  • Questo quiz è stato fatto 23 volte
  • Il punteggio medio è 3 su 6
Statistiche sulle risposte
km paese % Corretto
6 Indonesia
94%
1 Malesia
88%
524 Thailandia
69%
998 Cambogia
38%
797 Vietnam
38%
1109 Birmania
19%
Nessun quiz corrispondente trovato
Distribuzione punteggi
Percentuale di utenti per punteggio
Percentile per numero di risposta
I tuoi punteggi nel tempo
Non hai fatto questo quiz